[Event "TCh-UKR Clubs 2011"]
[Site "Alushta UKR"]
[Date "2011.05.15"]
[Round "3.4"]
[White "Pavlov,Ma"]
[Black "Lastin,A"]
[Result "1-0"]
[WhiteElo "2364"]
[BlackElo "2617"]

1.e4 c5 2.Nf3 d6 3.d4 cxd4 4.Nxd4 Nf6 5.Nc3 a6 6.f3 e5 7.Nb3 Be6 8.Be3 Be7
9.Qd2 O-O 10.O-O-O a5 11.a4 Nc6 12.g4 Nb4 13.g5 Nh5 14.Kb1 Rc8 15.Rg1 d5
16.exd5 Bf5 17.Na1 Bc5 18.Bb5 Nf4 19.Bxc5 Rxc5 20.Qe3 Qc8 21.Qxe5 Nfxd5 22.Nxd5 Rxd5
23.Rxd5 Bxc2+ 24.Kc1 Bxa4+ 25.Rc5 Bxb5 26.Rxc8 Nd3+ 27.Kd2 Nxe5 28.Rxf8+ Kxf8
29.Rg3 Bc6 30.f4 Ng6 31.f5 Ne7 32.f6 gxf6 33.gxf6 Ng8 34.Rg5 Nxf6 35.Rxa5 Ke7
36.Nc2 Kd6 37.Rf5 Ng4 38.Rxf7 Nxh2 39.Rxh7 Nf3+ 40.Kc3 Ne5 41.Ne3 Bd7 42.Rh6+ Be6
43.Nf5+ Kd5 44.Nd4 Bd7 45.Nc2 Bc6 46.Ne3+ Ke4 47.Re6 Kf4 48.Nc4 Nd7 49.Kd4 Kf5
50.Re1 Kf6 51.Ne5  1-0

[Event "46th Capablanca Memorial Open B"]
[Site "Havana CUB"]
[Date "2011.05.15"]
[Round "5.29"]
[White "Perez Torres,Y"]
[Black "Gomez Torres,Richard Daniel"]
[Result "0-1"]
[WhiteElo "2013"]
[BlackElo "2151"]

1.e4 c5 2.Nf3 d6 3.d4 cxd4 4.Nxd4 Nf6 5.Nc3 a6 6.f3 e5 7.Nb3 Be6 8.Be3 h5
9.Qd2 Nbd7 10.O-O-O b5 11.Kb1 Nb6 12.Bxb6 Qxb6 13.Nd5 Bxd5 14.exd5 a5 15.Qe2 Rb8
16.Nd4 b4 17.Nf5 g6 18.Ne3 Bh6 19.Nc4 Qd8 20.h4 O-O 21.g4 Bf4 22.Rg1 a4 23.Qg2 a3
24.b3 Qc7 25.gxh5 Nxh5 26.Bd3 Kh8 27.Qf2 Rg8 28.Rg2 Rb5 29.Bf1 Nf6 30.h5 g5
31.c3 Nxd5 32.Rxd5 Rxd5 33.Qc2 Qc5 34.Be2 bxc3 35.Qf5 c2+ 36.Qxc2 Qc8 37.Rg1 Rc5
38.b4 Rb5 39.Nxa3 Rxb4+  0-1

[Event "zt 2.5"]
[Site "Asuncion PAR"]
[Date "2011.05.20"]
[Round "5"]
[White "Heinechen,Jo"]
[Black "Gamarra,R"]
[Result "1/2-1/2"]
[WhiteElo "1799"]
[BlackElo "2009"]

1.e4 c5 2.Nf3 d6 3.d4 cxd4 4.Nxd4 Nf6 5.Nc3 a6 6.f3 e5 7.Nb3 Be6 8.Be3 Nbd7
9.Qd2 Be7 10.g4 h6 11.h4 b5 12.a4 b4 13.Nd5 Bxd5 14.exd5 Nb6 15.Bxb6 Qxb6
16.a5 Qb7 17.Bc4 e4 18.fxe4 Nxg4 19.Ra4 Ne5 20.Be2 Rb8 21.Nd4 g6 22.h5 Bg5
23.Qd1 Qe7 24.hxg6 Bh4+ 25.Kf1 fxg6 26.Bxa6 Qf6+ 27.Nf5 gxf5 28.Qh5+ Ke7
29.Qxh4 fxe4+ 30.Ke2 Rhf8 31.Qxf6+ Rxf6 32.Rh4 Rg6 33.Rxe4 Rg2+ 34.Kd1 b3
35.Be2 Rg1+ 36.Kd2 Rb1 37.Rab4 bxc2 38.Kxc2 Rxb4 39.Rxb4 Ra1 40.a6 Kd7 41.Bb5+ Kc7
42.Ba4 Rc1+ 43.Kb3 Rc5 44.Rb7+ Kc8 45.Rh7 Kb8 46.Rxh6 Rxd5 47.Kb4 Ka7 48.Bb5 Kb6
49.Ka4 Nc6 50.Bxc6 Kxc6 51.b4 Kb6 52.b5 Rd4+ 53.Kb3 Rd5 54.Kb4 Rd4+ 55.Kb3 Rd5
56.Kc4 Rc5+ 57.Kd4 Rxb5  1/2-1/2

[Event "CUCA Women"]
[Site "Luanda ANG"]
[Date "2011.05.20"]
[Round "4"]
[White "Mudongo,B"]
[Black "Conceicao Venancio,M"]
[Result "1-0"]
[WhiteElo "1864"]
[BlackElo "1916"]

1.e4 c5 2.Nf3 d6 3.d4 cxd4 4.Nxd4 Nf6 5.Nc3 a6 6.f3 e6 7.Be3 Nbd7 8.Qd2 Be7
9.g4 h6 10.h4 Ne5 11.Qg2 Qa5 12.O-O-O Bd7 13.Be2 Nc6 14.Nb3 Qc7 15.f4 O-O-O
16.Bf3 g6 17.Qf2 Qb8 18.Bb6 Rde8 19.Rhe1  1-0

[Event "Chicago Open"]
[Site "Wheeling USA"]
[Date "2011.05.27"]
[Round "3"]
[White "Bodek,Michael H"]
[Black "Schmakel,Sam A"]
[Result "1/2-1/2"]
[WhiteElo "2180"]
[BlackElo "1986"]

1.e4 c5 2.Nf3 d6 3.d4 cxd4 4.Nxd4 Nf6 5.Nc3 a6 6.f3 e5 7.Nb3 Be6 8.Be3 Nbd7
9.Qd2 b5 10.g4 Nb6 11.g5 Nfd7 12.Nd5 Rc8 13.Nxb6 Nxb6 14.Bxb6 Qxb6 15.O-O-O Be7
16.h4 O-O 17.Bh3 Rfd8 18.f4 Bxh3 19.Rxh3 Rc4 20.Qd3 Rdc8 21.Rh2 a5 22.g6  1/2-1/2

[Event "ch-GER w"]
[Site "Bonn GER"]
[Date "2011.05.28"]
[Round "3.2"]
[White "Frey,Al"]
[Black "Lopatin,O"]
[Result "1-0"]
[WhiteElo "2059"]
[BlackElo "2125"]

1.e4 c5 2.Nf3 d6 3.d4 cxd4 4.Nxd4 Nf6 5.Nc3 a6 6.f3 e5 7.Nb3 Be6 8.Be3 Nbd7
9.g4 h6 10.Qd2 b5 11.O-O-O Nb6 12.Na5 b4 13.Ne2 Nc4 14.Nxc4 Bxc4 15.b3 Be6
16.Bg2 Qa5 17.Kb1 Rc8 18.h4 d5 19.g5 hxg5 20.hxg5 Rxh1 21.Bxh1 Nd7 22.exd5 Bf5
23.Rc1 Nb6 24.f4 e4 25.Bxb6 Qxb6 26.Ng3 g6 27.Bxe4 Bxe4 28.Nxe4 Bg7 29.Nf6+ Kd8
30.d6 Rc6 31.Rd1 a5 32.Qe2  1-0

[Event "Orlova Open"]
[Site "Orlova CZE"]
[Date "2011.05.29"]
[Round "9.4"]
[White "Gazik,I"]
[Black "Jaworski,Mi"]
[Result "1-0"]
[WhiteElo "2313"]
[BlackElo "2345"]

1.e4 c5 2.Nf3 d6 3.d4 cxd4 4.Nxd4 Nf6 5.Nc3 a6 6.f3 e5 7.Nb3 Be6 8.Be3 Be7
9.Qd2 O-O 10.O-O-O Nbd7 11.g4 b5 12.g5 b4 13.Ne2 Ne8 14.Ng3 a5 15.Kb1 Nc7
16.f4 Bg4 17.Be2 Bxe2 18.Qxe2 a4 19.Nc1 exf4 20.Bxf4 Ne6 21.Bxd6 Bxd6 22.Rxd6 Qc7
23.Nf5 Ne5 24.Nd3 Nxd3 25.cxd3 b3 26.a3 Ra5 27.Rc1 Qa7 28.h4 Re8 29.Qe3 Qa8
30.Rdc6 Kh8 31.d4 Nd8 32.Rc8 Qa6 33.d5 f6 34.Qd4 Rf8 35.Qb4 Rg8 36.Qe7  1-0

[Event "Fynsmesterskabet 2011"]
[Site "Odense DEN"]
[Date "2011.06.01"]
[Round "1.27"]
[White "Vaarala,E"]
[Black "Rasmussen,Jen"]
[Result "1-0"]
[WhiteElo "2189"]
[BlackElo "1789"]

1.e4 c5 2.Nf3 d6 3.d4 cxd4 4.Nxd4 Nf6 5.Nc3 a6 6.f3 e5 7.Nb3 Be6 8.Be3 Nbd7
9.Qd2 Rc8 10.g4 Nb6 11.h4 Be7 12.g5 Nfd7 13.Nd5 Bxd5 14.exd5 Na4 15.c3 b5
16.Bh3 Qc7 17.h5 Rd8 18.g6 Bh4+ 19.Kd1 Bf6 20.gxf7+ Kxf7 21.Be6+ Ke7 22.Rg1 h6
23.Qg2 Rdf8 24.Bxd7 Kxd7 25.Qg4+ Kd8 26.Kc2 a5 27.Nd2 b4 28.Qc4 Rf7 29.Kb3 Nc5+
30.Bxc5 Qxc5 31.Qxc5 dxc5 32.Ne4 bxc3 33.bxc3 Rc7 34.Kc4 Bh4 35.Rg4 Bg5 36.Rb1 Kc8
37.Nxg5 hxg5 38.Rxg5 Rf8 39.Rxe5 Rf4+ 40.Re4 Rxf3 41.d6 Rcf7 42.Kd5 Kd7 43.Rb7+ Kd8
44.Rxf7 Rxf7 45.Kc6 Rf5 46.Rg4  1-0

[Event "33rd MGU Open"]
[Site "Sofia,BUL"]
[Date "2011.06.12"]
[Round "6.4"]
[White "Andreev,Do"]
[Black "Petrov,Martin"]
[Result "1-0"]
[WhiteElo "2065"]
[BlackElo "1933"]

1.e4 c5 2.Nf3 d6 3.d4 cxd4 4.Nxd4 Nf6 5.Nc3 a6 6.f3 e5 7.Nb3 Be6 8.Be3 Be7
9.Qd2 O-O 10.O-O-O Nbd7 11.g4 b5 12.g5 b4 13.Ne2 Ne8 14.Kb1 a5 15.Ng3 a4
16.Nc1 Nc7 17.f4 exf4 18.Bxf4 Ne5 19.Nf5 Bxf5 20.exf5 Nf3 21.Qg2 Nh4 22.Qg4 f6
23.g6 hxg6 24.fxg6 f5 25.Qh5 Nxg6 26.Qxg6 d5 27.Rg1 Bf6 28.Bg2 Ra5 29.Bxc7 Qxc7
30.Bxd5+ Rxd5 31.Rxd5 a3 32.Nd3 b3 33.cxb3 axb2 34.Nc5  1-0

[Event "Lviv Open Championship"]
[Site "Lviv UKR"]
[Date "2011.06.13"]
[Round "8.4"]
[White "Liubarsky,Petro"]
[Black "Dykun,O"]
[Result "1-0"]
[WhiteElo "2120"]
[BlackElo "2068"]

1.e4 c5 2.Nf3 d6 3.d4 cxd4 4.Nxd4 Nf6 5.Nc3 a6 6.Be3 Ng4 7.Bc1 Nf6 8.f3 e5
9.Nb3 Be6 10.Bg5 Nbd7 11.Qd2 Qc7 12.O-O-O h6 13.Be3 b5 14.g4 Nb6 15.Qf2 Nc4
16.Bxc4 Bxc4 17.Bb6 Qd7 18.h4 Be7 19.g5 Nh5 20.gxh6 Rxh6 21.Nd2 Be6 22.Nf1 Nf4
23.Ne3 g6 24.Ng4 Rh8 25.Nxe5 Qb7 26.Nd3 Nxd3+ 27.Rxd3 Bc4 28.Rdd1 Rc8 29.Nd5 Bxa2
30.Qd4 Rh5 31.Nxe7 Qxe7 32.Qxd6 Be6 33.Be3 Qc7 34.Qxc7 Rxc7 35.Bg5 Rd7 36.Rxd7 Kxd7
37.Rd1+ Kc7 38.b4 Rh8 39.Kd2 Rc8 40.Rh1 Kb7 41.h5 gxh5 42.Rxh5 Rc4 43.c3 Rc8
44.Bf6 Rg8 45.Ke3 Bc4 46.Kd4 a5 47.bxa5 Ra8 48.Re5 Rxa5 49.Re7+ Kc6 50.Re8 Ra1
51.f4 Rd1+ 52.Ke5 Re1 53.Kf5 Bd3 54.Rc8+ Kb7 55.Re8 Kc6 56.Bd4 Bc4 57.Kf6 Kd7
58.Re7+ Kd6 59.e5+ Kc6 60.f5 Rf1  1-0

[Event "Voronezh FIDE Open"]
[Site "Voronezh RUS"]
[Date "2011.06.13"]
[Round "2.26"]
[White "Kiselev,AS"]
[Black "Testova,V"]
[Result "1-0"]
[WhiteElo "2242"]
[BlackElo "1947"]

1.e4 c5 2.Nf3 d6 3.d4 cxd4 4.Nxd4 Nf6 5.Nc3 a6 6.f3 e5 7.Nb3 Be6 8.Be3 Nbd7
9.g4 b5 10.g5 b4 11.Ne2 Nh5 12.Qd2 Be7 13.O-O-O a5 14.Kb1 a4 15.Nbc1 Qb8
16.Ng3 Nxg3 17.hxg3 Nc5 18.Bh3 Bc4 19.b3 axb3 20.cxb3 Bb5 21.Qxb4 O-O 22.Bf1 Ba4
23.Qxb8 Rfxb8 24.Bc4 Rb4 25.Bd5 Rab8 26.Bxc5 dxc5 27.Nd3 Rd4 28.Nxe5 Bxg5
29.Rxd4 cxd4 30.Nxf7  1-0

[Event "Voronezh FIDE Open"]
[Site "Voronezh RUS"]
[Date "2011.06.14"]
[Round "3.15"]
[White "Lebediantsev,R"]
[Black "Krekoten,V"]
[Result "1-0"]
[WhiteElo "2137"]
[BlackElo "1900"]

1.e4 c5 2.Nf3 d6 3.d4 cxd4 4.Nxd4 a6 5.Nc3 Nf6 6.f3 b5 7.Be3 Bb7 8.Qd2 Nbd7
9.O-O-O e6 10.g4 Nb6 11.Qf2 Be7 12.Nxe6 fxe6 13.Bxb6 Qd7 14.g5 Nh5 15.Qh4 g6
16.Bh3 Qc6 17.Bd4 e5 18.Bxe5 dxe5 19.Bd7+ Qxd7 20.Rxd7 Kxd7 21.Qg4+ Kc7 22.Rd1 Rad8
23.Nd5+ Bxd5 24.exd5 Rd6 25.Qb4 Bxg5+ 26.Kb1 Rhd8 27.Qc5+ Kb7 28.a4 Nf4 29.axb5 a5
30.c4 Ne6 31.Qg1 Bf6 32.c5 Rxd5 33.Rxd5 Rxd5 34.c6+ Kc7 35.Qa7+ Kd6 36.Qd7+  1-0

[Event "ODEM U25-A"]
[Site "Oberhof GER"]
[Date "2011.06.18"]
[Round "9.30"]
[White "Kobozeva,V"]
[Black "Huebner,Alan-Ari"]
[Result "1-0"]
[WhiteElo "1713"]
[BlackElo "1625"]

1.e4 c5 2.Nf3 d6 3.d4 cxd4 4.Nxd4 Nf6 5.Nc3 a6 6.f3 e5 7.Nb3 Be6 8.Bg5 Be7
9.Qd2 h6 10.Be3 Nbd7 11.Nd5 Nxd5 12.exd5 Bf5 13.Bd3 Bxd3 14.Qxd3 Bg5 15.Bf2 Rc8
16.c4 O-O 17.h4 Be7 18.g4 Qc7 19.Rc1 b6 20.g5 h5 21.Nd2 Nc5 22.Bxc5 Qxc5
23.Ke2 Rfe8 24.Ne4 Qc7 25.b4 Qa7 26.Qe3 Rc7 27.c5 bxc5 28.bxc5 a5 29.cxd6 Qa6+
30.Qd3 Qxd3+ 31.Kxd3 Rxc1 32.Rxc1 Bd8 33.Rc8 Rf8 34.d7 f6 35.gxf6 gxf6 36.d6 Kg7
37.Nc5 Bb6 38.Nb7  1-0

[Event "Voronezh Master Open"]
[Site "Voronezh RUS"]
[Date "2011.06.19"]
[Round "7.27"]
[White "Dogodkina,J"]
[Black "Demianjuk,A"]
[Result "1/2-1/2"]
[WhiteElo "2120"]
[BlackElo "2312"]

1.e4 c5 2.Nf3 d6 3.d4 cxd4 4.Nxd4 Nf6 5.Nc3 a6 6.f3 e5 7.Nb3 Be7 8.Be3 Be6
9.Qd2 O-O 10.O-O-O Nbd7 11.g4 b5 12.g5 b4 13.gxf6 bxc3 14.Qxc3 Nxf6 15.Na5 d5
16.Nc6 d4 17.Nxd8 dxc3 18.Nxe6 cxb2+ 19.Kb1 fxe6 20.Bc4 Kf7 21.a4 Rfc8 22.Bb3 Rc7
23.Rhf1 Bb4 24.Kxb2 Ke7 25.Rg1 Nh5 26.Bg5+ Kf7 27.Bd8 Rcc8 28.Bb6 Nf6 29.Rd3 Rab8
30.Be3 h6 31.Rgd1 Rb7 32.Bf2 Rcc7 33.Rf1 Nd7 34.Ka2 g5 35.h4 Nc5 36.Bxc5 Bxc5
37.hxg5 hxg5 38.Rh1 Bf8 39.Rd2 Rc3 40.Rh7+ Bg7 41.Rf2 Kg6 42.Rh3 Bf8 43.Rfh2 Re3
44.Rh1 a5  1/2-1/2

[Event "Voronezh FIDE Open"]
[Site "Voronezh RUS"]
[Date "2011.06.20"]
[Round "9.9"]
[White "Torshin,An2"]
[Black "Zarivkina,V"]
[Result "1/2-1/2"]
[WhiteElo "2148"]
[BlackElo "2059"]

1.e4 c5 2.Nf3 d6 3.d4 cxd4 4.Nxd4 Nf6 5.Nc3 a6 6.f3 e5 7.Nb3 Be6 8.Be3 Be7
9.Qd2 d5 10.exd5 Nxd5 11.Nxd5 Qxd5 12.Bd3 O-O 13.Rd1 Qc6 14.O-O Qc7 15.Qa5 Bd8
16.Qxc7 Bxc7 17.Nc5 Bb6 18.Bf2 Bxc5 19.Bxc5 Rc8 20.Bd6 Nc6 21.Rfe1 Rd8 22.Bxe5 Nxe5
23.Rxe5 Bxa2 24.b3 Bxb3 25.Bxh7+ Kxh7 26.cxb3 b5 27.Re7 f6  1/2-1/2

[Event "TCh-SUI 2011"]
[Site "Switzerland SUI"]
[Date "2011.06.26"]
[Round "5.3"]
[White "Nuri,Kam"]
[Black "Kurmann,O"]
[Result "0-1"]
[WhiteElo "2300"]
[BlackElo "2445"]

1.e4 d6 2.d4 Nf6 3.f3 c5 4.Ne2 cxd4 5.Nxd4 a6 6.Nc3 e6 7.Be3 b5 8.a3 Bb7
9.Qd2 Nbd7 10.Qf2 Rc8 11.Be2 Be7 12.O-O Qc7 13.Rfc1 O-O 14.a4 b4 15.Na2 d5
16.c3 dxe4 17.cxb4 Qb8 18.b5 exf3 19.gxf3 axb5 20.Nxb5 Nd5 21.Kg2 Qe5 22.Bd4 Nf4+
23.Kf1 Qf5 24.Nac3 Ne5 25.Bxe5 Qxe5 26.Rd1 Bc5 27.Qg3 f5 28.Rd7 Bc6 29.Rad1 Bxd7
30.Rxd7 Rfd8  0-1

[Event "TCh-TUR 2011"]
[Site "Konya TUR"]
[Date "2011.06.29"]
[Round "2"]
[White "Tulay,S"]
[Black "Mutlu,Beste"]
[Result "1/2-1/2"]
[WhiteElo "1778"]
[BlackElo "1548"]

1.e4 c5 2.Nf3 d6 3.d4 cxd4 4.Nxd4 Nf6 5.Nc3 a6 6.f3 e5 7.Nb3 Be6 8.Bg5 Be7
9.Qd2 Nbd7 10.Rd1 O-O 11.Be2 Rc8 12.O-O Qc7 13.Kh1 b5 14.a3 Rfd8 15.Be3 Nc5
16.Nxc5 dxc5 17.Qe1 Qc6 18.Ra1 Rd7 19.Qf2 Rcd8 20.Rfd1 Rxd1+ 21.Rxd1 Rxd1+
22.Nxd1 Nd7 23.Qe1 b4 24.axb4 cxb4 25.Qd2 a5 26.b3 h6 27.Nb2 Kh7 28.Na4 Nc5
29.Nxc5 Bxc5 30.Bd3 Bxe3 31.Qxe3 a4 32.bxa4 Qxa4 33.Kg1 Qa1+ 34.Kf2 Qc3 35.Qe2 Qd4+
36.Qe3 Qxe3+ 37.Kxe3 b3 38.cxb3 Bxb3 39.Kd2 Kg6 40.Ke3 Kg5 41.Bb5 Be6 42.Bd3 g6
43.Bb5 f5 44.exf5 gxf5 45.Ba6 Bd5 46.Bd3 f4+ 47.Kf2 h5 48.Bc2 Kh4 49.Bd3 Bc6
50.Bc2 Bd5 51.Bd3 Bc6  1/2-1/2

[Event "Ladislava Kotana Mem"]
[Site "Kosice SVK"]
[Date "2011.06.30"]
[Round "7"]
[White "Zambor,N"]
[Black "Kusiak,M"]
[Result "1-0"]
[WhiteElo "2280"]
[BlackElo "2116"]

1.e4 c5 2.Nf3 d6 3.d4 cxd4 4.Nxd4 Nf6 5.Nc3 a6 6.f3 e6 7.Be3 b5 8.Qd2 Nbd7
9.g4 Bb7 10.g5 Nh5 11.a3 Rc8 12.O-O-O Nb6 13.Kb1 Qc7 14.Qe1 Nc4 15.Rd3 e5
16.Nde2 g6 17.Bh3 Rb8 18.Bc1 Bc6 19.Nd5 Bxd5 20.exd5 Bg7 21.Bg4 f5 22.gxf6 Nxf6
23.Be6 Nd7 24.h4 Nc5 25.h5 Nxe6 26.dxe6 Rc8 27.Nc3 e4 28.Qxe4 a5 29.hxg6 b4
30.Nd5 Qc6 31.gxh7 Ne5 32.Rb3 Qb5 33.f4 Qc4 34.Qg2  1-0

[Event "TCh-TUR 2011"]
[Site "Konya TUR"]
[Date "2011.07.02"]
[Round "6"]
[White "Alev,G"]
[Black "Mutlu,Beste"]
[Result "1-0"]
[WhiteElo "1605"]
[BlackElo "1548"]

1.e4 c5 2.Nf3 d6 3.d4 cxd4 4.Nxd4 Nf6 5.Nc3 a6 6.f3 e5 7.Nb3 Be6 8.Be3 Be7
9.Qd2 Nbd7 10.g4 h6 11.O-O-O b5 12.h4 Nb6 13.Rg1 Bc4 14.Na5 Bxf1 15.Nc6 Nc4
16.Qf2 Qc7 17.Nxe7 Qxe7 18.Rgxf1 b4 19.Ne2 Qc7 20.Kb1 Rc8 21.Rc1 a5 22.g5 hxg5
23.hxg5 Nd7 24.Ng3 Qb7 25.Ka1 a4 26.Nf5 g6 27.Nh6 b3 28.cxb3 axb3 29.Rc3 bxa2
30.Rfc1 Ncb6 31.Rxc8+ Nxc8 32.Qc2 Ke7 33.Qc4 Rf8 34.f4 Ncb6 35.Qb4 Rb8 36.Qb3 Rf8
37.fxe5 dxe5 38.Rf1 Qxe4 39.Bxb6 f6 40.gxf6+ Nxf6 41.Bc5+ Ke8 42.Bxf8 Kd7
43.Rd1+ Kc7 44.Bd6+ Kc6 45.Rf1 Kd7 46.Bf8 Kc7 47.Rd1 Kc6 48.Bd6  1-0

[Event "ch-NOR"]
[Site "Oslo NOR"]
[Date "2011.07.03"]
[Round "2"]
[White "Moen,A"]
[Black "Elsness,F"]
[Result "0-1"]
[WhiteElo "2333"]
[BlackElo "2485"]

1.e4 c5 2.Nf3 d6 3.d4 cxd4 4.Nxd4 Nf6 5.Nc3 a6 6.f3 e5 7.Nb3 Be7 8.Be3 Be6
9.Qd2 Nbd7 10.O-O-O O-O 11.g4 b5 12.Rg1 Qc7 13.g5 Nh5 14.Nd5 Bxd5 15.exd5 Nb6
16.Na5 Nxd5 17.Qxd5 Qxa5 18.Bh3 Rab8 19.Bg4 Nf4 20.Bxf4 exf4 21.h4 Qc7 22.h5 Qc5
23.g6 Qxd5 24.Rxd5 Rfd8 25.Bf5 hxg6 26.hxg6 Bf6 27.Re1 Be5 28.Re4 Kf8 29.Rb4 Ke7
30.gxf7 Kxf7 31.c3 Kf6 32.Be4 Rdc8 33.a4 Rc5 34.axb5 axb5 35.Kb1 Ke6 36.c4 Rxc4
37.Rbxb5 Rxb5 38.Rxb5 Rxe4 39.fxe4 f3 40.Rb3 f2 41.Rf3 Bd4 42.Kc2 g5 43.Kd3 g4
44.Rf5 g3 45.Kxd4  0-1

[Event "XXXIV Open"]
[Site "Barbera del Valles ESP"]
[Date "2011.07.04"]
[Round "1"]
[White "Dalo,Hermes"]
[Black "Carstensen,J"]
[Result "1/2-1/2"]
[WhiteElo "2049"]
[BlackElo "2391"]

1.e4 c5 2.Nf3 d6 3.d4 Nf6 4.Nc3 cxd4 5.Nxd4 a6 6.f3 e5 7.Nb3 Be6 8.Be3 Nbd7
9.Qd2 Be7 10.g4 O-O 11.O-O-O b5 12.g5 Nh5 13.Nd5 Bxd5 14.exd5 f5 15.gxf6 Bxf6
16.Rg1 a5 17.Kb1 a4 18.Nc1 Rb8 19.Qb4 Qc7 20.Qg4 Nf4 21.Nd3 a3 22.Nxf4 exf4
23.Bxf4 Nc5 24.Bd3 Bxb2 25.Qh4 Nxd3 26.Rxd3 Rbc8 27.Rg2 Qc4 28.Bg5 Rfe8 29.Rd1 Be5
30.Bf6 Qxh4 31.Bxh4 Rc3 32.Rd3 Rc4 33.Bf2 Bc3 34.Kc1 g6 35.Kd1 Rec8 36.Rg4 R4c7
37.Be3 Bb2 38.Rg2 Rf8 39.Bd2 Rc4 40.Re2 Rfc8 41.Bg5 b4 42.Be7 Be5 43.Bg5 Rf8
44.Bd2 Rf5 45.Rb3 Bc3 46.Bxc3 Rxc3 47.Rxc3 bxc3 48.Re3 Rxd5+ 49.Rd3 Rh5 50.Rxc3 Rxh2
51.Rxa3 Kf7 52.Re3 h5 53.a4 Rh1+ 54.Re1 Rh4 55.Re4 Rh1+ 56.Re1 Rh4 57.Re4 Rh3
58.Re3 d5 59.Kd2 Rh1 60.Re1 Rxe1 61.Kxe1 Ke6 62.Kf2 Kd6 63.Kg3 Kc5 64.Kh4 Kb4
65.f4 Kxa4 66.f5 gxf5 67.Kxh5 Kb4 68.Kg5 Kc3 69.Kxf5 Kd4 70.Kf4 Kc4 71.Ke3 Kc3
72.Kf4 d4 73.Ke4 Kxc2 74.Kxd4  1/2-1/2

[Event "39th World Open"]
[Site "Philadelphia USA"]
[Date "2011.07.04"]
[Round "9"]
[White "Calugar,A"]
[Black "Sarkar,J"]
[Result "1-0"]
[WhiteElo "2210"]
[BlackElo "2385"]

1.e4 c5 2.Nf3 d6 3.d4 cxd4 4.Nxd4 Nf6 5.Nc3 a6 6.f3 Qb6 7.Nb3 Nc6 8.Qe2 e6
9.Be3 Qc7 10.g4 b5 11.g5 Nd7 12.h4 g6 13.O-O-O Nb6 14.Qf2 Rb8 15.h5 b4 16.Nb1 Bg7
17.hxg6 hxg6 18.Rxh8+ Bxh8 19.Qh2 Be5 20.f4 Bg7 21.Qh7 Bf8 22.Qh8 a5 23.Nd4 Nxd4
24.Bxd4 Nd7 25.Nd2 e5 26.fxe5 Nxe5 27.Bxe5 dxe5 28.Nc4 Bg4 29.Nd6+ Kd7 30.Bb5+  1-0

[Event "XXXIV Open"]
[Site "Barbera del Valles ESP"]
[Date "2011.07.05"]
[Round "2"]
[White "Aroshidze,L"]
[Black "L'Ami,Alina"]
[Result "1/2-1/2"]
[WhiteElo "2539"]
[BlackElo "2312"]

1.e4 c5 2.Nf3 d6 3.d4 cxd4 4.Nxd4 Nf6 5.Nc3 a6 6.f3 e5 7.Nb3 Be6 8.Be3 Be7
9.Qd2 O-O 10.O-O-O b5 11.g4 Nbd7 12.g5 b4 13.Ne2 Ne8 14.f4 a5 15.f5 a4 16.Nbd4 exd4
17.Nxd4 b3 18.Kb1 bxc2+ 19.Nxc2 Bb3 20.axb3 axb3 21.Na3 Ne5 22.h4 Ra4 23.Bd4 Qa8
24.Qe3 d5 25.Bxe5 Bxa3 26.bxa3 Rxa3 27.Qd2 Nd6 28.Bb2 Nxe4 29.Qg2 Rc8 30.Rh3 Ra1+
31.Bxa1 Rc2 32.Qxc2 bxc2+ 33.Kxc2 Nf2 34.Rb1 Nxh3 35.Bxh3 Qa4+ 36.Rb3 h6  1/2-1/2

[Event "86th ch-Paris IdF"]
[Site "Paris FRA"]
[Date "2011.07.06"]
[Round "5.9"]
[White "Madeira,W"]
[Black "Moussard,J"]
[Result "0-1"]
[WhiteElo "2210"]
[BlackElo "2426"]

1.e4 c5 2.Nf3 d6 3.d4 cxd4 4.Nxd4 Nf6 5.Nc3 a6 6.f3 e6 7.Be3 b5 8.Qd2 Nbd7
9.O-O-O Bb7 10.g4 h6 11.h4 b4 12.Nce2 d5 13.Ng3 Qa5 14.Kb1 dxe4 15.g5 hxg5
16.hxg5 Rxh1 17.Nxh1 Nd5 18.fxe4 Nxe3 19.Qxe3 O-O-O 20.Nb3 Nc5 21.Rc1 Nxb3
22.cxb3+ Kb8 23.Nf2 Be7 24.e5 Rd5 25.Qf4 Qd8 26.Nh3 Rd4 27.Qxf7 Be4+ 28.Ka1 Rd1
29.Qf4 Qd4 30.Nf2 Qxf2  0-1

[Event "9th Niki Open"]
[Site "Nachod CZE"]
[Date "2011.07.09"]
[Round "8.22"]
[White "Gogela,Jan"]
[Black "Koci,L"]
[Result "1-0"]
[WhiteElo "1942"]
[BlackElo "1963"]

1.e4 c5 2.Nf3 d6 3.d4 cxd4 4.Nxd4 Nf6 5.Nc3 a6 6.f3 e5 7.Nb3 Be6 8.Be3 Nbd7
9.Nd5 Bxd5 10.exd5 g6 11.Qd2 Bg7 12.O-O-O Rc8 13.c4 b5 14.Na5 Nxd5 15.Nb7 Nxe3
16.Nxd8 Nxf1 17.Rhxf1  1-0

[Event "8th South Wales Int"]
[Site "Penarth WLS"]
[Date "2011.07.09"]
[Round "2.6"]
[White "Rudd,J"]
[Black "Waterfield,J"]
[Result "1-0"]
[WhiteElo "2278"]
[BlackElo "1992"]

1.e4 c5 2.Nf3 d6 3.d4 cxd4 4.Nxd4 Nf6 5.Nc3 a6 6.f3 e5 7.Nb3 Be6 8.Be3 Nbd7
9.Qd2 b5 10.g4 Nb6 11.g5 Nfd7 12.Nd5 Rc8 13.Na5 Nxd5 14.exd5 Bxd5 15.Qxd5 Qxa5+
16.c3 Be7 17.Bh3 Rc7 18.Bxd7+ Rxd7 19.Qc6 Qc7 20.Qxa6 Qc4 21.a4 Qd3 22.Qa8+ Bd8
23.Qe4 Qxe4 24.fxe4 bxa4 25.Rxa4 Rb7 26.b4 O-O 27.Ra6 Be7 28.Ke2 Rc8 29.Kd3 Kf8
30.Rha1 Ke8 31.Ra8 Rxa8 32.Rxa8+ Bd8 33.Kc4 Kd7 34.b5 Rc7+ 35.Kb4 Rb7 36.c4 Ke7
37.h4 Kd7 38.h5 f6 39.g6 hxg6 40.hxg6 Kc7 41.Bh6 f5 42.Bxg7 fxe4 43.Bxe5  1-0

[Event "St Pauli Open"]
[Site "Hamburg GER"]
[Date "2011.07.10"]
[Round "2.36"]
[White "Nixdorf,A"]
[Black "Borgmeyer,M"]
[Result "0-1"]
[WhiteElo "1974"]
[BlackElo "2140"]

1.e4 c5 2.Nf3 d6 3.d4 cxd4 4.Nxd4 Nf6 5.Nc3 a6 6.f3 e5 7.Nb3 Be6 8.Be3 Nbd7
9.g4 b5 10.g5 b4 11.Nd5 Nxd5 12.exd5 Bf5 13.Bd3 Bxd3 14.Qxd3 Be7 15.h4 a5
16.O-O-O O-O 17.Kb1 a4 18.Nd2 Qa5 19.Nc4 Qa6 20.Rc1 Rfc8 21.Nd2 Qb7 22.Ne4 Rcb8
23.h5 f5 24.gxf6 Nxf6 25.Nxf6+ Bxf6 26.Qe4 b3 27.cxb3 a3 28.bxa3 Rxa3 29.Rc3 Qa6
30.Rh2 Ra8 31.Rhc2 Rxa2 32.Rc8+ Rxc8 33.Rxc8+ Kf7 34.Rc7+ Ke8 35.Rc8+ Ke7
36.Rc7+ Kd8 37.Rc2 Ra1+ 38.Kb2 Qa3+ 39.Kc3 Rd1 40.Bd2 Rb1 41.Kd3 Rxb3+ 42.Ke2 Qa6+
43.Kf2 Rb1 44.Qg4 Qf1+ 45.Ke3 Rb3+ 46.Rc3 Rxc3+ 47.Bxc3 Qc1+ 48.Kd3 e4+  0-1

[Event "Asian Zonal 3.1 Women"]
[Site "Sharjah UAE"]
[Date "2011.07.10"]
[Round "7"]
[White "Mouradian,K"]
[Black "Ghader Pour,S"]
[Result "0-1"]
[WhiteElo "2186"]
[BlackElo "2246"]

1.e4 c5 2.Nf3 d6 3.d4 cxd4 4.Nxd4 Nf6 5.Nc3 a6 6.f3 Qb6 7.Nb3 e5 8.Bg5 Nbd7
9.Qd2 Qc7 10.a4 Be7 11.a5 h6 12.Be3 b5 13.axb6 Nxb6 14.Na5 Be6 15.Bd3 O-O
16.O-O d5 17.exd5 Nbxd5 18.Nxd5 Nxd5 19.Nc4 Nxe3 20.Nxe3 Qb6 21.Kh1 Bg5 22.Rfe1 a5
23.b3 Bh4 24.g3 Bg5 25.Qe2 f5 26.Nc4 Bxc4 27.Bxc4+ Kh8 28.Rad1 Rae8 29.f4 Bf6
30.fxe5 Rxe5 31.Qf3 Rxe1+ 32.Rxe1 Qb4 33.Rf1 a4 34.Bd3 a3 35.Qxf5 g6 36.Qxg6 Qb7+
37.Be4 Qg7 38.c3 Qxg6 39.Bxg6 a2 40.Ra1 Ra8 41.Bb1 axb1=Q+ 42.Rxb1 Bxc3 43.Kg2 Kg7
44.Kf3 Rf8+ 45.Ke3 Bb4 46.Rc1 Be7 47.Rb1 Rb8 48.Kf3 Kg6 49.Kg2 Kg5 50.Re1 Bf6
51.Re3 Rc8 52.h4+ Kf5 53.Kf3 h5 54.b4 Bd4 55.Rd3 Ke5 56.Ra3 Rf8+ 57.Kg2 Rf2+
58.Kh3 Ke4 59.Ra8 Rb2 60.Rg8 Bf6 61.Rg6 Bd4 62.Rg5 Bg1 63.Rxh5 Rxb4 64.Rh8 Bd4
65.Rg8 Kf3 66.Rf8+ Ke2 67.Rf4 Ke3 68.h5 Rb1 69.Kg4 Be5 70.Rf3+ Ke4 71.Ra3 Rb8
72.Ra4+ Bd4 73.Kh4 Rg8 74.g4 Ke5 75.h6 Be3 76.Ra5+ Kf6 77.Ra6+ Kf7 78.Rc6 Bg5+
79.Kh5 Be7 80.h7 Rh8 81.Rh6 Bf8 82.Ra6 Rxh7+ 83.Kg5 Be7+ 84.Kf5 Rh1 85.Ra4 Rb1
86.Re4 Bf6 87.Ra4 Rb5+ 88.Kf4 Kg6 89.Rc4 Rb1 90.Rc6 Rd1 91.Ra6 Rf1+ 92.Kg3 Rc1
93.Kf4 Rc4+ 94.Kg3 Rc5 95.Kf4 Kf7 96.Ra7+ Be7 97.Rb7 Ke6 98.Ra7 Rc4+ 99.Kg3 Bd6+
100.Kh4 Kf6 101.Ra6 Rd4 102.Ra1 Rd3 103.Rb1 Kg6 104.Rb6 Kh6 105.Rc6 Rd2 106.Rc3 Be7+
107.Kh3 Kg5 108.Rb3 Bd6 109.Rb5+ Kg6 110.g5 Kh5 111.g6+ Kxg6 112.Kg4 Rd3
113.Rg5+ Kf6 114.Rf5+ Ke6 115.Rb5 Rg3+ 116.Kh4 Rg1 117.Rb6 Kd5 118.Kh3 Be5
119.Rb4 Bd4 120.Kh2 Rg8 121.Kh3 Ke5 122.Rb7 Kf5 123.Rf7+ Ke4 124.Rb7 Be3
125.Kh2 Kf3 126.Rh7 Bf4+  0-1

[Event "8th South Wales Int"]
[Site "Penarth WLS"]
[Date "2011.07.11"]
[Round "5.26"]
[White "Hurn,R"]
[Black "Einarsson,Oskar Long"]
[Result "1/2-1/2"]
[WhiteElo "1817"]
[BlackElo "1743"]

1.e4 c5 2.Nf3 d6 3.d4 Nf6 4.Nc3 cxd4 5.Nxd4 a6 6.f3 e6 7.Be3 Be7 8.Qd2 O-O
9.O-O-O Qc7 10.g4 Rd8 11.Qf2 Nfd7 12.Nb3 Nc5 13.Nxc5 dxc5 14.Rxd8+ Bxd8 15.Bxc5 b5
16.Kb1 Nd7 17.Bd4 Bb7 18.Bd3 Ne5 19.Rd1 Nxd3 20.Rxd3 Rc8 21.Qd2 Be7 22.h3  1/2-1/2

[Event "ch-USA Cadet"]
[Site "Crossville USA"]
[Date "2011.07.12"]
[Round "1"]
[White "Bodek,Michael H"]
[Black "Wang,Andrew C"]
[Result "1-0"]
[WhiteElo "2191"]
[BlackElo "2158"]

1.e4 c5 2.Nf3 d6 3.d4 cxd4 4.Nxd4 Nf6 5.Nc3 a6 6.f3 e5 7.Nb3 Be7 8.Be3 Be6
9.Qd2 O-O 10.O-O-O a5 11.Bb5 Na6 12.g4 Nc7 13.g5 Nd7 14.Kb1 Nxb5 15.Nxb5 Ra6
16.a4 Qc8 17.Nc3 Qc4 18.h4 Rc8 19.h5 Raa8 20.g6 b5 21.Rdg1 bxa4 22.Qg2 Bf8
23.Bh6 hxg6 24.hxg6 f6 25.Qh2 Be7 26.Bxg7 Kxg7 27.Qh6+  1-0

[Event "3rd International Open"]
[Site "Rethymno GRE"]
[Date "2011.07.13"]
[Round "4"]
[White "Stubberud,O"]
[Black "Tzouganakis,P"]
[Result "1/2-1/2"]
[WhiteElo "2322"]
[BlackElo "2086"]

1.e4 c5 2.Nf3 d6 3.d4 cxd4 4.Nxd4 Nf6 5.Nc3 a6 6.f3 e6 7.Be3 b5 8.Qd2 Nbd7
9.g4 h6 10.O-O-O b4 11.Nce2 Qc7 12.Kb1 d5 13.exd5 Nxd5 14.Bf2 N7b6 15.Bg3 Qb7
16.Nf4 Bc5 17.Nxd5 Nxd5 18.Nb3 Be7 19.h4 a5 20.Bc4 Nb6 21.Bb5+ Bd7 22.Bxd7+ Qxd7
23.Qxd7+ Nxd7 24.Nd4 Nb6 25.Nc6 Bc5 26.Bc7 Nd5 27.Be5 O-O  1/2-1/2